000 00820cab a2200277 4500
001 ABS52424
008 090401t1995 xxu||||| |||| 00| 0 eng d
035 _a(Sirsi) u77127
041 _aeng
245 _aPlunging orders dash optimism
260 _c1995
350 _a0
490 _aBuilding
_v260(7886) 31 March 1995, 18-19(2)
520 _aTabulates a series of indicators of economic performance in the construction industry, most of which show a downturn during 1Q 1995.
650 _aBUILDING INDICATORS
650 _aCONSENTS
650 _aCONSTRUCTION ORDERS
650 _aCONSTRUCTION OUTPUT
650 _aHOUSING STARTS
650 _aLAND PRICES
650 _aREGIONAL ORDERS
650 _aWORKLOAD
690 _aBUILDING AND CONSTRUCTION-ECONOMICS
942 _n0
948 _c04/03/1997
999 _c48480
_d48480